Poukazovanie podielu zaplatenej dane zamestnancami

Zamestnanec môže poukázať podiel zaplatenej dane z príjmov za rok 2024 vybranému prijímateľovi v závislosti od spôsobu vysporiadania celoročnej povinnosti k dani z príjmov. Poukázanie príslušnej čiastky podielu zaplatenej dane vybranej neziskovej organizácii zabezpečí správca dane. K zmene dôjde pri...

ver descrição completa

Na minha lista:
Detalhes bibliográficos
Autor principal: Valterová, Ivana
Formato: Capítulo de Livro
Idioma:eslovaco
Assuntos:
Tags: Adicionar Tag
Sem tags, seja o primeiro a adicionar uma tag!

MARC

LEADER 00000naa a2200000 4500
001 0308602
005 20250515141513.1
041 0 |a slo 
044 |a SK 
245 1 0 |a Poukazovanie podielu zaplatenej dane zamestnancami  |c Ivana Valterová 
520 |a Zamestnanec môže poukázať podiel zaplatenej dane z príjmov za rok 2024 vybranému prijímateľovi v závislosti od spôsobu vysporiadania celoročnej povinnosti k dani z príjmov. Poukázanie príslušnej čiastky podielu zaplatenej dane vybranej neziskovej organizácii zabezpečí správca dane. K zmene dôjde pri poukazovaní podielu zaplatenej dane fyzickou osobou v roku 2026. 
610 2 0 |a dane z príjmov 
610 2 0 |a zamestnanci 
610 2 0 |a osoby fyzické 
610 2 0 |a správa daňová 
610 2 0 |a organizácie neziskové 
100 1 |a Valterová, Ivana